Chicken- Licken / (Record no. 3792)

MARC details
000 -LEADER
fixed length control field 01016nam a22002777a 4500
001 - CONTROL NUMBER
control field 3792
003 - CONTROL NUMBER IDENTIFIER
control field FISKH
005 - DATE AND TIME OF LATEST TRANSACTION
control field 20250821143911.0
008 - FIXED-LENGTH DATA ELEMENTS--GENERAL INFORMATION
fixed length control field 240507b cb ||||| |||| 00| 0 eng d
020 ## - INTERNATIONAL STANDARD BOOK NUMBER
International Standard Book Number 9789814281065
040 ## - CATALOGING SOURCE
Original cataloging agency FISKH
Language of cataloging eng
Transcribing agency FISKH
Modifying agency FISKH
050 ## - LIBRARY OF CONGRESS CALL NUMBER
Classification number 416
100 ## - MAIN ENTRY--PERSONAL NAME
Personal name Giles, Jenny
Relator term author
245 ## - TITLE STATEMENT
Title Chicken- Licken /
Statement of responsibility, etc. Retold by Jenny Giles ; illustrated by Margaret Power
250 ## - EDITION STATEMENT
Edition statement First published in 1997
260 ## - PUBLICATION, DISTRIBUTION, ETC.
Place of publication, distribution, etc. Boston :
Name of publisher, distributor, etc. Cengage Learning ;
Date of publication, distribution, etc. 1997
300 ## - PHYSICAL DESCRIPTION
Extent 30 pages :
Other physical details color illustrations ;
Dimensions 22 cm .
505 ## - FORMATTED CONTENTS NOTE
Formatted contents note G <br/>
520 ## - SUMMARY, ETC.
Summary, etc. After an acorn falls on his head, Chicken-Licken thinks the sky is falling and rushes off to tell the king. On the journey, he stumbles across two friends who join him until they meet a fox. Thankfully, no animals are wounded.
521 8# - TARGET AUDIENCE NOTE
Target audience note 400 <br/>
Source Lexile <br/>
521 8# - TARGET AUDIENCE NOTE
Target audience note G <br/>
Source Raz-Plus <br/>
650 ## - SUBJECT ADDED ENTRY--TOPICAL TERM
Topical term or geographic name entry element friends
Form subdivision fairy tales
700 ## - ADDED ENTRY--PERSONAL NAME
Personal name Power, Margaret
Relator term illustrator
942 ## - ADDED ENTRY ELEMENTS (KOHA)
Source of classification or shelving scheme Dewey Decimal Classification
Koha item type Books
Suppress in OPAC No
Holdings
Withdrawn status Lost status Source of classification or shelving scheme Damaged status Not for loan Collection Home library Current library Shelving location Date acquired Total Checkouts Full call number Barcode Date last seen Copy number Price effective from Koha item type Date last checked out
    Dewey Decimal Classification     Non-Fiction Footprints International School Library Network Toul Kork Campus Footprints International School Library Network Toul Kork Campus TK Primary Library Room(4th Floor), Bookcase 1&2, Shelves 1-16, Dark Blue Books 09/20/2024 1 GIL 416 FISTK00907 02/05/2025 2 09/20/2024 Books 01/22/2025
    Dewey Decimal Classification     Non-Fiction Footprints International School Library Network Toul Kork Campus Footprints International School Library Network Toul Kork Campus TK Primary Library Room(4th Floor), Bookcase 1&2, Shelves 1-16, Dark Blue Books 07/07/2025   GIL 416 FISBK05001 07/07/2025 6 07/07/2025 Books  
    Dewey Decimal Classification     Non-Fiction Footprints International School Library Network Toul Tom Poung Campus Footprints International School Library Network Toul Tom Poung Campus TTP Primary Yellow Bookshelves 05/07/2024   GIL 416 FISTK00908 05/07/2024 1 05/07/2024 Books  
    Dewey Decimal Classification     Non-Fiction Footprints International School Library Network Toul Tom Poung Campus Footprints International School Library Network Toul Tom Poung Campus TTP Primary Dark Blue Bookshelves 06/23/2025   GIL 416 FIS02182 06/23/2025 3 06/23/2025 Books  
    Dewey Decimal Classification     Non-Fiction Footprints International School Library Network Toul Tom Poung Campus Footprints International School Library Network Toul Tom Poung Campus TTP Primary Dark Blue Bookshelves 06/23/2025   GIL 416 FISBK05006 06/23/2025 4 06/23/2025 Books  
    Dewey Decimal Classification     Non-Fiction Footprints International School Library Network Toul Tom Poung Campus Footprints International School Library Network Toul Tom Poung Campus TTP Primary Dark Blue Bookshelves 06/23/2025   GIL 416 FIS02199 06/23/2025 5 06/23/2025 Books  
    Dewey Decimal Classification     Non-Fiction Footprints International School Library Network Toul Tom Poung Campus Footprints International School Library Network Toul Tom Poung Campus TTP Primary Dark Blue Bookshelves 08/07/2025   GIL 416 FISTK04130 08/07/2025 7 08/07/2025 Books  
    Dewey Decimal Classification     Non-Fiction Footprints International School Library Network Toul Tom Poung Campus Footprints International School Library Network Toul Tom Poung Campus TTP Primary Dark Blue Bookshelves 08/21/2025   GIL 416 FISTK04129 08/21/2025 8 08/21/2025 Books